<?xml version="1.0" encoding="UTF-8"?>
<collection xmlns="http://www.loc.gov/MARC21/slim">
 <record>
  <leader>00672pamaa2200193   4500</leader>
  <controlfield tag="001">0000045489</controlfield>
  <controlfield tag="005">20090623090000.0</controlfield>
  <controlfield tag="008">090623                             eng  </controlfield>
  <datafield tag="020" ind1="0" ind2="0">
   <subfield code="a">9780743296519 / 0743296516 </subfield>
  </datafield>
  <datafield tag="090" ind1="0" ind2="0">
   <subfield code="a">E840.8.S533 </subfield>
   <subfield code="b">SHR 2007</subfield>
  </datafield>
  <datafield tag="100" ind1="1" ind2="0">
   <subfield code="a">Shrum </subfield>
  </datafield>
  <datafield tag="245" ind1="1" ind2="0">
   <subfield code="a">No excuses : </subfield>
   <subfield code="b">concessions of a serial campaigner  </subfield>
   <subfield code="c">Robert Shrum.</subfield>
  </datafield>
  <datafield tag="260" ind1="0" ind2="0">
   <subfield code="a">New York, NY: </subfield>
   <subfield code="b">Simon &amp; Schuster, </subfield>
   <subfield code="c">2007.</subfield>
  </datafield>
  <datafield tag="300" ind1=" " ind2=" ">
   <subfield code="a">xvii, 521 p.: </subfield>
   <subfield code="b">ill.; </subfield>
   <subfield code="c">25 cm.</subfield>
  </datafield>
  <datafield tag="500" ind1="0" ind2="0">
   <subfield code="a">Includes index</subfield>
  </datafield>
  <datafield tag="600" ind1="0" ind2="0">
   <subfield code="a">Shrum, Robert</subfield>
  </datafield>
  <datafield tag="650" ind1="0" ind2="0">
   <subfield code="a">Political consultants -- </subfield>
   <subfield code="x">Biography -- </subfield>
   <subfield code="z">United States </subfield>
  </datafield>
  <datafield tag="650" ind1="0" ind2="0">
   <subfield code="a">Speechwriters -- </subfield>
   <subfield code="x">Biography -- </subfield>
   <subfield code="z">United States </subfield>
  </datafield>
  <datafield tag="901" ind1=" " ind2=" ">
   <subfield code="u">http://www.simonandschuster.com</subfield>
  </datafield>
 </record>
</collection>
